Design of Office Information Systems

Na minha lista:
Detalhes bibliográficos
Autor principal: Ellis, Clarence
Outros Autores: Naffah, Najah
Formato: Livro
Idioma:inglês
Publicado em: Berlin Springer 1987
Edição:1. ed.
Tags: Adicionar Tag
Sem tags, seja o primeiro a adicionar uma tag!

MARC

LEADER 00000nam a2200000 4500
001 c030495
005 20221219115649.1
041 0 |a eng 
044 |a DE 
245 1 0 |a Design of Office Information Systems  |c Clarence Ellis, Najah Naffah 
250 |a 1. ed. 
264 1 |a Berlin  |b Springer  |c 1987 
300 |a 248 s. 
100 1 |a Ellis, Clarence 
700 1 |a Naffah, Najah